Descubriendo la historia : la Primera Guerra Mundial /

Guardat en:
Dades bibliogràfiques
Autor principal: Miller, Ronald Mark (prod. ejecutiva)
Altres autors: Frazee, Jeffery Edwin (producción ejecutiva) (producción ejecutiva), Harris, Scott (producción) (producción), Manning, Rick (montaje) (montaje)
Format: Diapositiva
Idioma:espanyol
Publicat: Las Vegas, EUA : American Institute for Education, 1999, c1999
México : En Pantalla Producciones Internacionales [distribución], 2006, c2006
Col·lecció:(Descubriendo la Historia)
Matèries:
Etiquetes: Afegir etiqueta

MARC

LEADER 00000ngm^a2200000^a^4500
001 000269224
005 20250521000000.0
009 20260310110919.733
037 |a Acervo ITESO - Biblioteca 
041 |a ESP 
082 |a 909.  |b DES V. 5 
100 |a Miller, Ronald Mark  |e (prod. ejecutiva) 
240 1 1 |a [Descubriendo la historia] 
245 1 0 |a Descubriendo la historia :  |b la Primera Guerra Mundial /  |c Prod. ejecutiva de R.M. Miller, J.E. Frazee ; prod. de S. Harris. 
246 2 |a Título en la pantalla: Descubriendo la historia: Primera Guerra Mundial 
246 2 |a Título en la pantalla: World War I: Cause and Effect 
264 4 |a Las Vegas, EUA :  |b American Institute for Education,  |c 1999, c1999 
264 4 |a México :  |b En Pantalla Producciones Internacionales [distribución],  |c 2006, c2006 
300 |a 1 DVD sin dato de región  |c (56 min.) 
336 |a imagen móvil bidimensional  |b tdi  |2 rdacontenido 
337 |a video  |b v  |2 rdamedio 
338 |a videodisco  |b vd  |2 rdasoporte 
440 1 |a (Descubriendo la Historia) 
500 |a Traducción de: Kids Discovering History: World War 1 
546 |a Doblaje al español 
649 |a XX 
650 |a Guerra Mundial (Primera), 1914-1918 -  |x Historia -  |x Tema Principal 
650 |a Violencia Política -  |x Historia 
650 |a Política -  |z Europa -  |x Historia 
650 |a Política Internacional -  |x Historia -  |y 1910-1919 
650 |a Política Internacional -  |x Historia -  |y Siglo XX 
650 |a Europa -  |x Historia -  |y 1914-1918 
650 |a Europa -  |x Historia -  |y 1871-1918 
650 |a Europa -  |x Historia -  |y Siglo XX 
650 |a Historia Moderna -  |y 1910-1919 
650 |a Historia Moderna -  |y Siglo XX 
650 |a Historia Universal 
700 |a Frazee, Jeffery Edwin  |e (producción ejecutiva) 
700 |a Harris, Scott  |e (producción) 
700 |a Manning, Rick  |e (montaje) 
910 |a Fondo General 
920 |a Audiovisuales - DVDs 
905 |a 302 
901 |a 0500143802  |b IT2  |c DVS  |u 20250521 
902 |a https://opac.biblio.iteso.mx/vufind/Record/000269224